000 01343nam a22002897a 4500
003 OSt
005 20230123141226.0
007 cr ||||||a|c|a
008 230118s2021 mx a|||fom||| 001 0 spa d
040 _erda
100 1 _9185974
_aPadilla Patiño, Rosalía
245 1 _aDesagrarización y urbanización neoliberal metropolitana en la Región Atenco Texcoco /
_cpor Rosalía Padilla Patino; director de tesis César Adrián Ramírez Miranda.
264 1 _aChapingo, México :
_bEl autor,
_c2021.
300 _a1 recurso en línea (230 páginas).
_bfiguras, cuadros.
336 _2rdacontent
_atexto
_btxt
337 _2rdamedia
_acomputadora
_bc
338 _2rdacarrier
_arecurso en línea
_bcr
502 _bMCDRR
_cCentros Regionales
_d2021.
_gMAE
504 _aIncluye referencias bibliográficas: páginas 205-216.
650 4 _9134898
_aAgricultura urbana
_xAspectos sociales
650 4 _9133913
_aDesarrollo de la comunidad rural
_zAspectos socioeconómicos
650 4 _9165097
_aDesarollo de la comunidad Rural
_x Estado de México
650 4 _9137126
_aNeoliberalismo
_xAspectos sociales
_zMéxico
700 1 _994152
_aRamírez Miranda, César Adrián
_eDirector de tesis.
856 _uhttp://10.13.5.2/tesis/tm/2021_CR_Padilla_Patino_Rosalia.pdf
_zDESCARGAR PDF
942 _2Clasificación Universidad Autónoma Chapingo
_cTD
999 _c218106
_d218106